[Event "Emilia Romagna Province-ch"]
[Site "Formigine"]
[Date "2007.05.01"]
[Round "5"]
[White "Ravazzini, Luca"]
[Black "Lucchi, Sauro"]
[Result "1-0"]
[WhiteElo "1644"]
[BlackElo "1356"]
[PlyCount "55"]
[EventDate "2007.04.28"]
[EventType "swiss"]
[EventRounds "6"]
[EventCountry "ITA"]
[SourceTitle "EXT 2009"]
[Source "ChessBase"]
[SourceDate "2008.11.26"]
[SourceVersion "1"]
[SourceVersionDate "2008.11.26"]
[SourceQuality "1"]

1. e4 Nc6 2. d4 e6 3. Nf3 d5 4. exd5 exd5 5. Bb5 a6 6. Bxc6+ bxc6 7. 0-0 Nf6 8. Bg5 Be7 9. Re1 0-0 10. Qe2 Bg4 11. Qxe7 Re8 12. Qxd8 Raxd8 13. Rxe8+ Rxe8 14. Bxf6 gxf6 15. Nc3 Kh8 16. Re1 Rg8 17. Kf1 Be6 18. Na4 Bf5 19. Rc1 Re8 20. Nh4 Bc8 21. Re1 Re4 22. Rxe4 dxe4 23. Nc5 f5 24. Ke2 Kg7 25. Ke3 Kf6 26. Kf4 a5 27. a3 h6 28. Nb3 1-0

[Event "Emilia Romagna Province-ch"]
[Site "Formigine"]
[Date "2007.04.29"]
[Round "3"]
[White "Ravazzini, Luca"]
[Black "Ferretti, Alessandro"]
[Result "1/2-1/2"]
[WhiteElo "1644"]
[BlackElo "1748"]
[PlyCount "62"]
[EventDate "2007.04.28"]
[EventType "swiss"]
[EventRounds "6"]
[EventCountry "ITA"]
[SourceTitle "EXT 2009"]
[Source "ChessBase"]
[SourceDate "2008.11.26"]
[SourceVersion "1"]
[SourceVersionDate "2008.11.26"]
[SourceQuality "1"]

1. e4 c5 2. Nf3 Nc6 3. d4 cxd4 4. Nxd4 Nf6 5. Nc3 e5 6. Ndb5 d6 7. Bg5 a6 8. Bxf6 gxf6 9. Na3 f5 10. Qh5 b5 11. Nd5 fxe4 12. 0-0-0 Be6 13. Kb1 Bxd5 14. Rxd5 Ne7 15. Rd2 Ng6 16. g3 d5 17. Bg2 Bxa3 18. bxa3 b4 19. Bxe4 bxa3 20. Bxd5 Rb8+ 21. Kc1 Qf6 22. Qf3 Qxf3 23. Bxf3 0-0 24. Rd3 Rb5 25. Rxa3 a5 26. Rd1 Ne7 27. Rd7 Nf5 28. Rd5 Rfb8 29. Rxb5 Rxb5 30. Rc3 Nd4 31. Kd2 Rb6 1/2-1/2

[Event "Emilia Romagna Province-ch"]
[Site "Formigine"]
[Date "2007.04.28"]
[Round "2"]
[White "Fiorentini, Paolo"]
[Black "Ravazzini, Luca"]
[Result "1-0"]
[WhiteElo "1982"]
[BlackElo "1644"]
[PlyCount "31"]
[EventDate "2007.04.28"]
[EventType "swiss"]
[EventRounds "6"]
[EventCountry "ITA"]
[SourceTitle "EXT 2009"]
[Source "ChessBase"]
[SourceDate "2008.11.26"]
[SourceVersion "1"]
[SourceVersionDate "2008.11.26"]
[SourceQuality "1"]

1. d4 e6 2. c4 Nf6 3. Nf3 Bb4+ 4. Nbd2 Ne4 5. a3 Bxd2+ 6. Nxd2 Nxd2 7. Bxd2 0-0 8. e4 d5 9. Bb4 Re8 10. e5 a5 11. Bc3 f6 12. exf6 Qxf6 13. Bd3 Nc6 14. 0-0 Ne7 15. Bxh7+ Kh8 16. Qh5 1-0

[Event "Vignola op 5th"]
[Site "Vignola"]
[Date "2006.11.25"]
[Round "2"]
[White "Ravazzini, Luca"]
[Black "Grandi, Davide"]
[Result "1/2-1/2"]
[WhiteElo "1569"]
[BlackElo "1691"]
[PlyCount "71"]
[EventDate "2006.11.24"]
[EventType "swiss"]
[EventRounds "5"]
[EventCountry "ITA"]
[SourceTitle "EXT 2011"]
[Source "ChessBase"]
[SourceDate "2010.11.26"]
[SourceVersion "1"]
[SourceVersionDate "2010.11.26"]
[SourceQuality "1"]

1. e4 c5 2. Nf3 Nc6 3. d4 cxd4 4. Nxd4 Nf6 5. Nc3 g6 6. Be3 d6 7. f3 Bg7 8. Nxc6 bxc6 9. Be2 0-0 10. 0-0 a5 11. Na4 c5 12. c4 Nd7 13. Qd2 Re8 14. Rab1 Ne5 15. Nc3 Be6 16. Nd5 Nc6 17. a3 Nd4 18. Nc3 Nxe2+ 19. Qxe2 Rb8 20. Nb5 Qc8 21. Qc2 f5 22. Bd2 Ra8 23. a4 Rf8 24. b3 Qb7 25. Rfe1 Bd7 26. Bc3 Bxc3 27. Qxc3 Bxb5 28. cxb5 Qb6 29. Qc4+ Kg7 30. Kh1 e5 31. Qd5 Rae8 32. Qd1 Rf6 33. Qd2 Ref8 34. exf5 gxf5 35. Qf2 f4 36. Re4 1/2-1/2